000 00400cam a2200157ua 4500
003 OSt
005 20260213112540.0
008 260213b |||||||| |||| 00| 0 eng d
041 _aeng
082 _a641.4
_bFOO/PR
245 _aProcessed fruit and vegetables /
250 _a1 /
260 _aRome :
_bFood and Agriculture organization of United States ,
_c1970.
300 _a76 ; .
942 _cBK
999 _c8664
_d8664